| 000 | 00318 a2200133 4500 | ||
|---|---|---|---|
| 999 |
_c325374 _d325374 |
||
| 001 | 90301 | ||
| 003 | NUST | ||
| 082 | _a891.4393 FAR | ||
| 100 |
_aFarida Ishfaq _99822 |
||
| 245 |
_aShikast e Shab _hUrdu |
||
| 260 |
_aLahore _bAli Mian Publications _c2013 |
||
| 300 | _a464p. | ||
| 500 | _aGeneral Books | ||
| 942 |
_aCAE NUST _cBK _k891.4393 FAR _2ddc |
||